00501pam a2200145 a 4500020000500000041000500005082001300010100002100023245005500044260005700099300001700156930000900173999001900182952015400201 c h a731bAMI aRanjit Hoskote . aThe Art of Jehangir Sabar wala hTextual Documents a[s.l]:b In Conjunction with an exibition ,c2005. a224:bpaper. a5383 c239173d239173 001040708Text BooksaFAPbFAPd2009-09-24eBhararti Sahakari Grahak Bhandarg2500.00l0o731 AMIpFAP-5662r2023-03-07 00:00:00t1w2023-03-07yBK